| 000 | 00772nam a22002412 4500 | ||
|---|---|---|---|
| 001 | 0000020653 | ||
| 005 | 20151217152219.0 | ||
| 008 | 110930s xx 000 0 eng d | ||
| 020 | _a0273678272 : | ||
| 040 |
_aKABU _cKABU |
||
| 100 | 1 |
_aWorthington, Ian. _@0000179857 |
|
| 245 | 1 | 4 |
_aThe Business environment / _cIan Worthington and Chris Britton. |
| 250 | _a4th ed. | ||
| 260 |
_aHarlow, England : _bPrentice Hall, _c2003. |
||
| 300 | _axxii, 510 p. | ||
| 650 | 0 |
_aIndustrial management _zGreat Britain. _@0000179858 |
|
| 650 | 0 |
_aIndustrial policy _zGreat Britain. _@0000181136 |
|
| 650 | 0 |
_aBusiness. _@0000149956 |
|
| 700 | 1 |
_aBritton, Chris. _@0000179860 |
|
| 852 | 1 | _9p6450 KES | |
| 908 | _a110930 | ||
| 950 | _@1 | ||
| 999 |
_c9439 _d9439 |
||